Á lódáil...
Bharatendu Harishchandra
| Príomhúdar: | |
|---|---|
| Formáid: | Printed Book |
| Foilsithe: |
New Delhi
Sahitya akademi
1970
|
| Sraith: | Makers of Indian literature
|
| LEADER | 00481 a2200145 4500 | ||
|---|---|---|---|
| 020 | |a 8126001909 | ||
| 082 | |a 863.1 GOP/B | ||
| 100 | |a Gopal,Madan | ||
| 245 | |a Bharatendu Harishchandra |c Madan Gopal | ||
| 260 | |a New Delhi |b Sahitya akademi |c 1970 | ||
| 300 | |a 41p. | ||
| 440 | |a Makers of Indian literature | ||
| 942 | |c BK | ||
| 999 | |c 255409 |d 255409 | ||
| 952 | |0 0 |1 0 |4 0 |6 863_100000000000000_GOP_B |7 0 |9 284205 |a RUS |b RUS |c ST1 |d 2010-09-14 |g 0.00 |i 5651 |l 0 |o 863.1 GOP/B |p RUS5651 |r 2014-02-14 |w 2014-02-14 |y BK | ||